|
|
|
|
| LEADER |
00000nam a2200000 4500 |
| 003 |
SK-BrCVT |
| 005 |
20220617223252.0 |
| 008 |
100602s2010 xo e ||||||slo d |
| 035 |
|
|
|a CVTIDW0000730
|
| 040 |
|
|
|b slo
|a CVTI SR
|e AACR2
|
| 041 |
0 |
|
|a slo
|
| 044 |
|
|
|a xo
|
| 080 |
|
|
|a 621.316.17
|2 UDC-MRF
|
| 080 |
|
|
|a 62-519
|2 UDC-MRF
|
| 080 |
|
|
|a 62-51
|2 UDC-MRF
|
| 110 |
2 |
|
|a ABB (Bratislava, Slovensko)
|4 aut
|
| 245 |
1 |
0 |
|a Ego-n inteligentná elektroinštalácia
|h [elektronický zdroj]
|
| 250 |
|
|
|a 1. vyd.
|
| 260 |
|
|
|a [S.l.] :
|b [s.n.],
|c 2010
|
| 300 |
|
|
|a 1 CD-ROM
|
| 653 |
1 |
|
|a inteligentná elektroinštalácia
|
| 653 |
1 |
|
|a riadenie osvetlenia
|
| 653 |
1 |
|
|a riadenie vykurovania
|
| 653 |
1 |
|
|a riadenie chladenia
|
| 653 |
1 |
|
|a ovládanie spotrebičov
|
| 653 |
1 |
|
|a detekcia pohybu
|
| 653 |
1 |
|
|a diaľkové ovládanie
|
| 653 |
1 |
|
|a riadenie pohonu
|
| 655 |
|
4 |
|a kompaktné disky (CD)
|
| 856 |
4 |
|
|u http://www.abb.sk
|
| 910 |
|
|
|b F030014
|
| 959 |
|
|
|a 4507
|
| 959 |
|
|
|a 5001
|
| 974 |
|
|
|a agnesa.remenarova
|f Firemná literatúra
|
| 992 |
|
|
|a JDC
|
| 999 |
|
|
|c 154042
|d 154042
|